| 000 | 01023nam a2200277 a 4500 | ||
|---|---|---|---|
| 001 | 41125 | ||
| 003 | BD-RjUL | ||
| 005 | 20211209053332.0 | ||
| 008 | 190516s1987 ii b b 000 0 eng | ||
| 020 |
_a8170740142 : _c: IRs. 130.00 |
||
| 035 | _a(BD-RjUL) 41241 | ||
| 040 |
_aDLC _cDLC _dDLC _d(BD-RjUL) _beng |
||
| 041 | _aeng | ||
| 082 | 0 | 0 |
_a320.9541 _223 _bTRI 1987 |
| 245 | 0 | 0 |
_aTribal polities and state systems in pre-colonial eastern and north eastern India / _ceditor, Surajit Sinha |
| 260 |
_aCalcutta : _bK.P. Bagchi & Co., _c1987 |
||
| 300 |
_axxvi, 366 p. : _b3 folded maps ; _c22 cm. |
||
| 500 | _aCollection of ten case studies presented at a workshop. | ||
| 504 | _aIncludes bibliographical references. | ||
| 650 | 0 |
_aTribal government _zIndia. _9126512 |
|
| 651 | 0 |
_aIndia, Northeastern _xPolitics and government. _9126513 |
|
| 651 | 0 |
_aIndia _xPolitics and government. _9126514 |
|
| 700 | 1 |
_aSinha, Surajit, _d1926- _9126515 |
|
| 710 | 2 |
_aCentre for Studies in Social Sciences. _9126516 |
|
| 942 |
_2ddc _cBK |
||
| 999 |
_c41125 _d41125 |
||